| 000 | 00409nam a2200169Ia 4500 | ||
|---|---|---|---|
| 005 | 20240921143901.0 | ||
| 008 | 240921s9999||||xx |||||||||||||| ||und|| | ||
| 041 | _aENGLISH | ||
| 082 | _A658 P5 | ||
| 100 | _aKoontz,Harold; Weihrich,Heinz | ||
| 245 | 0 | _aEssentials of Management | |
| 250 | _a6th | ||
| 260 |
_c2005 _bMGH,New |
||
| 650 |
_aManagement _bManagement Studies |
||
| 942 | _cBB | ||
| 999 |
_c248684 _d248684 |
||